Lexco jurisprudencia y bibliografia Repertorio Revista Jurídica - Repertorio Doctrina Judicial - La Ley Buenos Aires, Córdoba, Gran Cuyo y Litoral /

Guardado en:
Otros Autores: Colombo, Carlos J. (Director)
Formato: Libro
Idioma:Spanish
Publicado: Buenos Aires, La Ley 2006 :
Materias:
Etiquetas: Agregar Etiqueta
Sin Etiquetas, Sea el primero en etiquetar este registro!
LEADER 00593nam a22001455a 4500
001 DER.der005434
005 20081014000000.0
008 180615s2006####||||||||||||||||||||spa||
245 1 0 |a Lexco jurisprudencia y bibliografia  |h [recurso electrónico] :  |b Repertorio Revista Jurídica - Repertorio Doctrina Judicial - La Ley Buenos Aires, Córdoba, Gran Cuyo y Litoral /  |c  , dirigido por Carlos Colombo 
260 |a Buenos Aires,  |c 2006 :  |b La Ley 
309 |a CD 
653 |a JURISPRUDENCIA 
700 1 |a Colombo, Carlos J.  |e director 
859 |a DERECHO  |b BIB. DERECHO  |p 005547 
859 |a DERECHO  |b BIB. DERECHO  |p 005548